LIBRARY & INFORMATION CENTRE, KCAET, TAVANUR

ONLINE PUBLIC ACCESS CATALOGUE (OPAC)

Probability and statistics for engineers and students / (Record no. 6205)

MARC details
000 -LEADER
fixed length control field 00496cam a2200181ua 4500
020 ## - INTERNATIONAL STANDARD BOOK NUMBER
ISBN 0-02-424210-1
041 ## - LANGUAGE CODE
Language code of text/sound track or separate title eng
082 ## - DEWEY DECIMAL CLASSIFICATION NUMBER
Classification number 519.02462
Item number WAL/PR
100 ## - MAIN ENTRY--AUTHOR NAME
Personal name Walpole, Ronald E .
245 ## - TITLE STATEMENT
Title Probability and statistics for engineers and students /
250 ## - EDITION STATEMENT
Edition statement 4 /
260 ## - PUBLICATION, DISTRIBUTION, ETC. (IMPRINT)
Place of publication New York :
Name of publisher McMillan Publishing Co ,
Year of publication 1972.
300 ## - PHYSICAL DESCRIPTION
Number of Pages 765 ; .
700 1# - ADDED ENTRY--PERSONAL NAME
Personal name Myers, Raymond H .
942 ## - ADDED ENTRY ELEMENTS (KOHA)
Koha item type Books
Holdings
Withdrawn status Lost status Damaged status Home library Current library Date acquired Full call number Accession Number Koha item type
      KAUAET KAUAET 07/04/2012 519.02462 17666 Books
free website counter